<?xml version="1.0" encoding="UTF-8"?><?xml-stylesheet type="text/xsl" href="static/style.xsl"?><OAI-PMH xmlns="http://www.openarchives.org/OAI/2.0/" xmlns:xsi="http://www.w3.org/2001/XMLSchema-instance" xsi:schemaLocation="http://www.openarchives.org/OAI/2.0/ http://www.openarchives.org/OAI/2.0/OAI-PMH.xsd"><responseDate>2026-04-17T01:23:25Z</responseDate><request verb="GetRecord" identifier="oai:www.recercat.cat:10230/16014" metadataPrefix="marc">https://recercat.cat/oai/request</request><GetRecord><record><header><identifier>oai:recercat.cat:10230/16014</identifier><datestamp>2025-12-21T01:48:00Z</datestamp><setSpec>com_2072_6</setSpec><setSpec>col_2072_452953</setSpec></header><metadata><record xmlns="http://www.loc.gov/MARC21/slim" xmlns:dcterms="http://purl.org/dc/terms/" xmlns:xsi="http://www.w3.org/2001/XMLSchema-instance" xmlns:doc="http://www.lyncode.com/xoai" xsi:schemaLocation="http://www.loc.gov/MARC21/slim http://www.loc.gov/standards/marcxml/schema/MARC21slim.xsd">
   <leader>00925njm 22002777a 4500</leader>
   <datafield ind2=" " ind1=" " tag="042">
      <subfield code="a">dc</subfield>
   </datafield>
   <datafield ind2=" " ind1=" " tag="720">
      <subfield code="a">Nagel, Klaus-Jürgen</subfield>
      <subfield code="e">author</subfield>
   </datafield>
   <datafield ind2=" " ind1=" " tag="260">
      <subfield code="c">2012-07-05T01:53:15Z</subfield>
   </datafield>
   <datafield ind2=" " ind1=" " tag="260">
      <subfield code="c">2012-07-05T01:53:15Z</subfield>
   </datafield>
   <datafield ind2=" " ind1=" " tag="260">
      <subfield code="c">2011-12-01</subfield>
   </datafield>
   <datafield ind2=" " ind1=" " tag="260">
      <subfield code="c">2012-07-04T10:44:24Z</subfield>
   </datafield>
   <datafield ind2=" " ind1=" " tag="520">
      <subfield code="a">Federal Capitals often have special statutes. Compared with member states, they often enjoy a lower degree of self-government and a lesser share in the governing of the federation. Why do actors choose such devices, and how can they be justified in a liberal democracy? Surprisingly, the burgeoning literature on asymmetric federalism (to which our research group has contributed significantly) has overlooked this important feature of a de iure asymmetry, perhaps because political theory up to now has concentrated on cases of multicultural and plurinational federations. However, comparative literature is also rare. This paper is the first step to filling in this gap by comparing some federal capitals. The Federal District model (Washington) is compared to capitals organized as member-states (Berlin and Brussels), and capitals that are cities belonging to a single member state (Ottawa in Ontario). The different features of de iure asymmetry will thereby be highlighted. Some light will be shed on the possible motives, reasons and justifications for the choice of each respective status. The paper opens the door to further research on such status questions by analysing public and parliamentary debates, for example. It paves the way for more thorough research. Sicne the author has been awarded a grant by the Institut d’Estudis Autonòmics, this research will be carried out soon.</subfield>
   </datafield>
   <datafield tag="653" ind2=" " ind1=" ">
      <subfield code="a">Federalisme</subfield>
   </datafield>
   <datafield tag="653" ind2=" " ind1=" ">
      <subfield code="a">Capitals (Ciutats) -- Aspectes polítics</subfield>
   </datafield>
   <datafield tag="653" ind2=" " ind1=" ">
      <subfield code="a">3 - Ciències socials</subfield>
   </datafield>
   <datafield ind2="0" ind1="0" tag="245">
      <subfield code="a">Capital cities of federations. On the way to analysing the normative base of their asymmetrical status</subfield>
   </datafield>
</record></metadata></record></GetRecord></OAI-PMH>